Catálogo

DIABETES Y PSICOLOGIA DE LA SALUD (Registro nro. 59986)

Detalles MARC
000 -LEADER
fixed length control field 00611nam a2200193 a 4500
001 - CONTROL NUMBER
control field 59986
005 - DATE AND TIME OF LATEST TRANSACTION
control field 20180714061106.0
008 - FIXED-LENGTH DATA ELEMENTS--GENERAL INFORMATION
fixed length control field 140415s2012 mx 000 0 spa d
020 ## - INTERNATIONAL STANDARD BOOK NUMBER
International Standard Book Number 9786074016505
041 ## - LANGUAGE CODE
Language code of text/sound track or separate title spa
082 ## - DEWEY DECIMAL CLASSIFICATION NUMBER
Classification number 616.462
Item number BAL
100 1# - MAIN ENTRY--PERSONAL NAME
Personal name BALCAZAR NAVA, PATRICIA
245 10 - TITLE STATEMENT
Title DIABETES Y PSICOLOGIA DE LA SALUD
250 ## - EDITION STATEMENT
Edition statement 1a ed.
260 ## - PUBLICATION, DISTRIBUTION, ETC.
Place of publication, distribution, etc. MEXICO :
Name of publisher, distributor, etc. CONSORCIO DE UNIVERSIDADES MEXICANAS,
Date of publication, distribution, etc. 2012
300 ## - PHYSICAL DESCRIPTION
Extent 118
650 14 - SUBJECT ADDED ENTRY--TOPICAL TERM
Topical term or geographic name entry element DIABETES ASPECTOS PSICOLOGICOS, PSICOLOGIA DE LA SALUD
700 1# - ADDED ENTRY--PERSONAL NAME
Personal name GURROLA PEÑA, GLORIA MARGARITA, MOYSEN CHIMAL, ALEJANDRA
Relator term coaut.
Existencias
Withdrawn status Lost status Source of classification or shelving scheme Damaged status Not for loan Collection code Home library Current library Shelving location Date acquired Source of acquisition Inventory number Total Checkouts Full call number Barcode Date last seen Date last checked out Price effective from Koha item type Total Renewals
    Dewey Decimal Classification     General Biblioteca Karol Wojtyla Biblioteca Karol Wojtyla Sala general 03/12/2013 Compra 151000000000000000002243   616.462 BAL 2012 90451 05/01/2026 06/03/2015 13/08/2014 Libro  
    Dewey Decimal Classification     General Biblioteca Karol Wojtyla Biblioteca Karol Wojtyla Sala general 03/12/2013 Compra 151000000000000000002244 1 616.462 BAL 2012 90450 05/01/2026 13/02/2025 25/08/2014 Libro 1
    Dewey Decimal Classification     General Biblioteca Karol Wojtyla Biblioteca Karol Wojtyla Sala general 03/12/2013 Compra 151000000000000000002245 4 616.462 BAL 2012 90449 04/05/2026 14/04/2026 25/08/2014 Libro